| Registos Bibliográficos associados ao registo de autoridade |
|
Etiqueta de registo: 00000nkm 2200025 450 001 2263331 003 http://id.bnportugal.gov.pt/bib/catbnp/2263331 100 ## $a20260209f1990 m y0pory01030103ba 101 0# $apor 102 ## $aPT 200 1# $a1.º Congresso de Informática nas Autarquias, Hotel Estoril Sol (Cascais), 30 novembro
- 2 dezembro$bVisual gráfico]$fCâmara Municipal de Cascais 210 #9 $aEstoril (Cascais)$cCâmara Municipal de Cascais,$d[1990] 215 ## $a1 cartaz$ccolor.$d69,6x49,6 cm 306 ## $aDatação atribuída em conformidade com o acontecimento anunciado 317 ## $aColeção Madeira Luís 675 ## $a766(=1:469)"198"(084.5)$vBN$zpor$31974866 710 12 $aCongresso de Informática nas Autarquias,$d1,$eCascais,$f1990$31110441 712 02 $aCâmara Municipal de Cascais$34253 801 #0 $aPT$bBN$gRPC 966 ## $lBN$mICONOG$sCT. 19996 A.$x3 971 ## $cCaticonografia7$d20260209 995 ## $aPRR2026 $d20260209$iCaticonografia7
|
|
|